000 00484 a2200133 4500
020 _a929012055X
082 _a707
_bB588b
110 _aInternational Council of Museums (ICOM)
_91221
245 _aBienales culturales latinoamericanas en peligro
_bLatin-American Cultural Objects at risck
260 _bICOM
_c2003
300 _a68 p
_bill (col)
_c27 cm
650 _xarte en peligro
_xarte prehispanico
_xarte colonial
_xcomercio de bienes culturales
_zlatinoamerica
_91222
710 _aICOM
_91223
999 _c266
_d266